Informe sobre la mina Santa Cecilia sita en Hiendelencina / (Record no. 82703)
[ view plain ]
| 000 -LEADER | |
|---|---|
| campo de control de longitud fija | 00786nam a2200181 i 4500 |
| 001 - NÚMERO DE CONTROL | |
| campo de control | 82703 |
| 003 - IDENTIFICADOR DE NÚMERO DE CONTROL | |
| campo de control | ES-MaACL |
| 005 - FECHA Y HORA DE LA ÚLTIMA TRANSACCIÓN | |
| campo de control | 20250823063044.0 |
| 007 - CAMPO FIJO DE DESCRIPCIÓN FÍSICA--INFORMACIÓN GENERAL | |
| campo de control de longitud fija | t| |
| 008 - DATOS DE LONGITUD FIJA--INFORMACIÓN GENERAL | |
| campo de control de longitud fija | 190521s1853 sp ||||1| spa d |
| 100 1# - ENTRADA PRINCIPAL--NOMBRE DE PERSONA | |
| Nombre de persona | Escosura Morrogh, Luis de la, |
| Fechas asociadas al nombre | 1821-1904 |
| 9 (RLIN) | 126953 |
| 245 10 - MENCIÓN DEL TÍTULO | |
| Título | Informe sobre la mina Santa Cecilia sita en Hiendelencina / |
| Mención de responsabilidad, etc. | [Luis de la Escosura]. |
| 260 ## - PUBLICACIÓN, DISTRIBUCIÓN, ETC. | |
| Lugar de publicación, distribución, etc. | Madrid : |
| Nombre del editor, distribuidor, etc. | [s.n.], |
| Fecha de publicación, distribución, etc. | 1853 ( |
| Fabricante | J. de M. González) |
| 300 ## - DESCRIPCIÓN FÍSICA | |
| Extensión | 8 p., [1 h. pleg. de plan.] ; |
| Dimensiones | 20 cm. |
| 650 #4 - PUNTO DE ACCESO ADICIONAL DE MATERIA--TÉRMINO DE MATERIA | |
| Término de materia o nombre geográfico como elemento de entrada | Minas de plata- |
| Subdivisión geográfica | Hiendelaencina. |
| 9 (RLIN) | 167054 |
| 852 ## - LOCALIZACIÓN | |
| Ubicación | ES-MaACL |
| Número de control de estantería | B-8925(4) |
| Nota libre | .- Legado de Federico de Botella y de Hornos |
| -- | .- Encuadernado en un vol. facticio agrupado con el nombre en el lomo: España, geología, memorias y documentos varios 9 a 19 |
| Estatus retirado | Estado de pérdida | Estado de daño | No para préstamo | Colección | Biblioteca de origen | Biblioteca actual | Ubicación en estantería | Fecha de adquisición | Fuente de adquisición | Total de préstamos | Signatura topográfica completa | Código de barras | Visto por última vez | Precio de reemplazo | Tipo de ítem Koha |
|---|---|---|---|---|---|---|---|---|---|---|---|---|---|---|---|
| Libros del s. XIX | Biblioteca del Ateneo de Madrid | Biblioteca del Ateneo de Madrid | Sala Pardo Bazán | 21/05/2019 | B-8925(4) | 1200537 | 23/02/2023 | 23/02/2023 | Libro impreso antiguo |
